000 00824nam a22003011c 4500
001 ht015798460
008 110214s2009 gw |||| 000u ger d
020 _a9783837610
_9978-3-8376-10
041 _ager
100 1 _aPoehls, Kerstin
245 0 0 _aEuropa backstage :
_bExpertenwissen, Habitus und kulturelle Codes im Machtfeld der EU
264 _aBielefeld :
_bTranscript,
_c2009
300 _a272 S.
502 _aZugl.: Berlin, Humboldt-Univ., Diss., 2007
650 0 _aPolitische Kultur
650 0 _aEuropäische Integration
650 0 _aVerfassung
650 0 _aPolitologie
650 0 _aKultur
650 0 _aAlltag
650 0 _aGesellschaft
650 0 _a
655 0 _aHochschulschrift
942 _cMG
040 _cRU-10907106
003 RU-10907106
999 _c20896
_d20896
490 0 _aKultur und soziale Praxis